000 00447nam a2200181Ia 4500
001 4567
005 20260306145805.0
008 260306t2013||||xx |||||||||||||| ||spa||
041 _aESP
082 _a324.985
_bJ92
100 _aJurado Nacional de Elecciones
_eAUT
245 0 _a80 años de elecciones presidenciales en el Perú:
_b1931-2011
260 _c2013
300 _a
_c
650 _aGEN
654 _aCDE
942 _cLIB
_dJUS
_fJUS
_2ddc
_n
999 _c4567
_d4567